| 000 | 01460nam0a2200409 4500 | ||
|---|---|---|---|
| 001 | RU\NLR\bibl\174712 | ||
| 005 | 20260409071614.0 | ||
| 010 |
_a5-85523-088-0 _93000 |
||
| 021 |
_aRU _b2001-15805 _9735 |
||
| 035 | _a(NLR Aleph) 000171453 | ||
| 090 |
_a988176 _c988176 |
||
| 100 | _a20010619d2001 u y0rusy50 ca | ||
| 101 | 1 |
_arus _cger |
|
| 102 | _aRU | ||
| 105 | _ay ||||||||| | ||
| 200 | 1 |
_aВласть мотивации _eХаризма, личность, успех _fНиколаус Б. Энкельманн _gПер. с нем. [Н.А. Врублевская] |
|
| 205 | _a3-е изд. | ||
| 210 |
_aМ. _cИнтерэксперт _d2001 |
||
| 215 |
_a270, [2] с. _d20 |
||
| 300 | _aЗагл. и авт. ориг.: Die macht der motivation / Nicolaus B. Enkelmann | ||
| 454 | 0 |
_12001#$aDie macht der motivation$fNicolaus B. Enkelmann _tDie macht der motivation |
|
| 606 |
_aМотивация (психол.) _3RU\NLR\auth\66748635 _91685237 |
||
| 610 | 0 | _aМотивация (психол.) | |
| 610 | 0 | _aСамовоспитание | |
| 610 | 0 | _aПсихогигиена | |
| 675 |
_a159.947.5 _v3 _zrus |
||
| 686 |
_a15 _2rugasnti |
||
| 686 |
_a88.3 _2rubbk |
||
| 686 | _aЮ936.1-723 | ||
| 700 | 1 |
_aЭнкельманн _bНиколаус Б. _4070 |
|
| 801 | 0 |
_aRU _bRKP _c20010619 _gPSBO |
|
| 801 | 1 |
_aRU _bRKP _c20010619 |
|
| 801 | 2 |
_aRU _bNLR _c20010914 _grcr |
|
| 942 | _cBOOK | ||
| 980 | _aNB | ||